Geography Quiz

Random Geography or Asia Quiz
Score 0/20 Timer 10:00
0 Plays Today
% Correct
Forbidden City
74.2%
Red Fort
66.7%
Himeji Castle
59.1%
Potala Palace
51.5%
Masada
48.5%
Palace of Darius, Persepolis
46.2%
Krak des Chevaliers
45.5%
Osaka Castle
40.9%
Lahore Fort
31.8%
Agra Fort
27.3%
% Correct
Nagoya Castle
24.2%
Bodrum Castle
22.7%
Topkapi Palace
22.7%
Summer Palace
21.2%
Sidon Sea Castle
19.7%
Masyaf Castle
16.7%
Matsuyama Castle
10.6%
Hwaseong Fortress
10.6%
Fort Santo Domingo
9.1%
Tower of David
9.1%
Remove Ads.
Support Sporcle.
Get the best of Sporcle when you Go Orange. This ad-free experience offers more features, more stats, and more fun while also helping to support Sporcle. Thank you for becoming a member.

You're not logged in!

Compare scores with friends on all Sporcle quizzes.
OR
Log In

Show Comments

Extras

Top Quizzes Today


Score Distribution

Your Account Isn't Verified!

In order to create a playlist on Sporcle, you need to verify the email address you used during registration. Go to your Sporcle Settings to finish the process.

Report this User

Report this user for behavior that violates our Community Guidelines.

Details: